000 00483nam a2200181Ia 4500
003 GCL
008 140319s9999 xx 000 0 eng d
040 _aGCL /
_cGCL
082 0 4 _a781.64
_bF P
100 1 _aFRITH, SIMON
245 1 0 _aPERFORMING RITES: ON THE VALUE OF POPULAR MUSIC /
_cFRITH, SIMON
260 _a[S.N] :
_bOXFORD UNIVERSITY PRESS ،
_c1996
300 _a352 P
650 0 4 _aMUSIC
650 0 4 _aPOPULAR - MUSIC
650 0 4 _aMUSIC - CRTICISM
942 _2ddc
_cBK
999 _c14017
_d14017